00814nam a2200229 a 450000100060000000300080000600500170001400800410003103500190007204000230009104100080011408200260012210000280014824500740017625000170025026000580026730000250032565000480035094200120039899900170041095201570042761333BD-RjUL20211209080940.0170117r19941993ii 000 0 eng d a(BD-RjUL)61457 aDLCcDLCdDLCbeng aeng00a370.954223bAGL 19941 aAggarwal, J. C.918290510aLandmarks in the history of modern Indian education /cJ.C. Aggarwal. a2nd rev. ed. aNew Delhi :bVikas Pub. House,c1993 [Reprinted 1994] axi, 423 p. ;c22 cm. 0aEducationzIndiaxHistoryxSources.9182906 2ddccBK c61333d61333 00102ddc40718NFICaRUCLbRUCLcReadingd2006-03-14eParagogn Enterprise, Dhakag95.00l0o370.954 AGL 1994r2017-01-17 00:00:00tC-1w2017-01-17yBK